幽黯国度 (Record no. 47119)

000 -LEADER
fixed length control field 00513nam a22001937a 4500
003 - CONTROL NUMBER IDENTIFIER
control field MPLRDC
005 - DATE AND TIME OF LATEST TRANSACTION
control field 20220104144157.0
008 - FIXED-LENGTH DATA ELEMENTS--GENERAL INFORMATION
fixed length control field 210129b ||||| |||| 00| 0 eng d
020 ## - INTERNATIONAL STANDARD BOOK NUMBER
International Standard Book Number 957-8287-42-X
082 ## - DEWEY DECIMAL CLASSIFICATION NUMBER
Classification number 737.19 NAIP
100 ## - MAIN ENTRY--PERSONAL NAME
Personal name SIR VIDIADHAR SURAJPRASAD NAIPAUL
245 ## - TITLE STATEMENT
Title 幽黯国度
Statement of responsibility, etc. 李永平 译
250 ## - EDITION STATEMENT
Edition statement 初版
260 ## - PUBLICATION, DISTRIBUTION, ETC.
Place of publication, distribution, etc. 台湾
Name of publisher, distributor, etc. 马可孛罗文化
Date of publication, distribution, etc. 2001
300 ## - PHYSICAL DESCRIPTION
Other physical details 372
490 ## - SERIES STATEMENT
Series statement 当代名家旅行学. 29
650 ## - SUBJECT ADDED ENTRY--TOPICAL TERM
Topical term or geographic name entry element 印度游记; 指南
942 ## - ADDED ENTRY ELEMENTS (KOHA)
Koha item type Book
-- 737.19 NAIP
Holdings
Withdrawn status Lost status Source of classification or shelving scheme Damaged status Not for loan Collection code Home library Current library Shelving location Date acquired Cost, normal purchase price Total Checkouts Total Renewals Full call number Barcode Date last seen Date last checked out Price effective from Koha item type Public note
            Malaysian Public Library, Research and Development Centre Malaysian Public Library, Research and Development Centre   10/12/2007 48.60   1 737.19 NAIP 00047278 18/03/2021 05/12/2017 18/03/2021 Book mplrdc

© 2022. Malaysian Public Library, Research and Development Centre. All Right ReservedE-mailmplrdc@help.edu.my 

Powered by Koha